000 00270nam a22001217a 4500
008 170213b xxu||||| |||| 00| 0 eng d
041 _aeng
080 _a61
100 _a4
101 _aSHM
245 _aSECURING ACCESS TO HEALTH CARE
_cBALLANTINE, TH
942 _2udc
_cBK
999 _c5255
_d5255